| 000 | 00531pab a2200181 454500 | ||
|---|---|---|---|
| 008 | 180718b2006 xxu||||| |||| 00| 0 eng d | ||
| 100 | _aAthreye, Suma | ||
| 245 | _aIndustrial concentration in a liberalising economy: a study of Indian manufacturing | ||
| 260 | _c2006 | ||
| 300 | _ap.981-99. | ||
| 362 | _aAug | ||
| 650 | _aLiberalization - India | ||
| 650 | _aIndia - Manufacturing industries | ||
| 650 | _aManufacturing industry | ||
| 700 | _aKapur, Sandeep | ||
| 773 | _aJournal of Development Studies | ||
| 909 | _a72098 | ||
| 999 |
_c72098 _d72098 |
||